000 00819cam a22002771 4500
001 10292632
003 NUST - PNEC
005 20170116180840.0
008 750519s1959 xx 000 0 eng
010 _a 59016752
020 _a-
035 _a(OCoLC)1343062
040 _aDLC
_cLIBRARY
_dDLC
042 _apremarc
050 0 0 _aTJ1165
_b.G72 1959
082 _a510.2 GRA
100 1 _aGraham, Frank Duncan,
_d1875-
245 1 0 _aAudels mathematics and calculations for machanics:a ready reference.
_cFrank D. Graham
260 _aNew York,
_bT. Audel
_c[1959]
300 _a1 v.
_billus.
_c18 cm.
650 0 _aShop mathematics.
_xME
650 0 _aElectrical engineering
_xTables.
650 0 _aMechanical engineering
_xTables.
906 _a7
_bcbc
_coclcrpl
_du
_encip
_f19
_gy-gencatlg
942 _2ddc
_cBK
999 _c64396
_d64396